[Event "Ljubljana op 7th"]
[Site "Ljubljana"]
[Date "1996.??.??"]
[Round "1"]
[White "Jazbinsek, Sebastjan"]
[Black "Mihelic, S."]
[Result "1-0"]
[WhiteElo "2175"]
[BlackElo "1695"]
[PlyCount "63"]
[EventDate "1996.06.??"]
[EventType "swiss"]
[EventRounds "9"]
[EventCountry "SLO"]
[SourceTitle "CBM 053 Extra"]
[Source "ChessBase"]
[SourceDate "1996.09.01"]
[SourceVersion "1"]
[SourceVersionDate "1996.09.01"]
[SourceQuality "1"]

1. e4 c6 2. d4 d5 3. Nd2 e6 4. e5 c5 5. c3 Nc6 6. Ndf3 a6 7. Bd3 Bd7 8. Ne2 g6 9. 0-0 c4 10. Bc2 Na7 11. b3 Rc8 12. Nd2 b5 13. a4 Qb6 14. axb5 axb5 15. b4 Bh6 16. f4 Ne7 17. Nf3 Bg7 18. g4 h5 19. h3 hxg4 20. hxg4 Nec6 21. Kg2 Ke7 22. Ng3 Rcg8 23. f5 gxf5 24. gxf5 Bh6 25. Rh1 Bxc1 26. Rxh8 Rxh8 27. Qxc1 Qd8 28. Qg5+ Ke8 29. Qg7 Rf8 30. f6 Bc8 31. Ng5 Kd7 32. Nxf7 1-0

[Event "SLO-chT 06th"]
[Site "Bled"]
[Date "1996.??.??"]
[Round "5"]
[White "Krivec, Jana"]
[Black "Mihelic, S."]
[Result "1-0"]
[WhiteElo "2045"]
[BlackElo "1700"]
[PlyCount "87"]
[EventDate "1996.??.??"]
[EventType "team-tourn"]
[EventRounds "7"]
[EventCountry "SLO"]
[SourceTitle "CBM 055 Extra"]
[Source "ChessBase"]
[SourceDate "1997.01.01"]
[SourceVersion "1"]
[SourceVersionDate "1997.01.01"]
[SourceQuality "1"]
[WhiteTeam "Nova Gorica"]
[BlackTeam "Krsko Triglav"]
[WhiteTeamCountry "SLO"]
[BlackTeamCountry "SLO"]

1. e4 c6 2. d4 d5 3. exd5 cxd5 4. Bd3 Nf6 5. c3 Nc6 6. Bf4 Bg4 7. Qb3 Qc8 8. Nd2 e6 9. Ngf3 Be7 10. Ne5 0-0 11. Qc2 Bh5 12. h3 Bg6 13. Nxg6 fxg6 14. Bh2 Qd7 15. 0-0 Bd6 16. f4 Qc7 17. g3 Nh5 18. Nf3 Nf6 19. Rae1 Rae8 20. Re3 Re7 21. Rfe1 Nd8 22. Ng5 Qd7 23. Qe2 b6 24. Bb5 Qc8 25. Nxe6 Nxe6 26. Rxe6 Rxe6 27. Qxe6+ Qxe6 28. Rxe6 Rd8 29. Kg2 Kf8 30. Re2 Bb8 31. Bd3 Kf7 32. Kf3 Re8 33. Rxe8 Nxe8 34. b3 Bd6 35. c4 dxc4 36. bxc4 Nf6 37. Bg1 Nd7 38. Be4 Ke7 39. g4 a5 40. a4 Bb4 41. Bf2 Kd6 42. h4 Nf6 43. f5 gxf5 44. Bg3+ 1-0